Регионална библиотека "Любен Каравелов" - Русе

Промишлено производство на мебели (Запис номер 183335)

MARC детайли
000 -Лидер
Контролно поле с фиксирана дължина 01164nam a2200313 c 4500
003 - Код на организацията, давaща контролен номер
Контролно поле BLK
005 - Дата и час на последна редакция
Контролно поле 20220606123757.0
008 - Елементи от данни с фиксирана дължина
fixed length control field 180411b bul|||||r ||||||| ||bul||
010 ## - Наследен системен номер
LC control number KNG00192265000
040 ## - Източник на каталожния запис
Идентификатор на билиотеката - собственик на записа BLK
041 ## - Код за език
Код за езика на текст/звукозапис или на отделно заглавие Български
Код за езика КДБФ Български
080 ## - УДК
Текстов определител УДК Мебелно производство. Тапицерство
УДК код - определител по УДК 684
УДК - код + определител 684
100 1# - Редна дума - Автор
Автор Деянов, Кирил Ст.
Авторска отговорност първи автор
R(LIN) 343174
139 ## - Редно поле
Редна дума Деянов, Кирил Ст. и др.
Авторски знак Дея - Д 48
245 10 - Сведения за заглавието
Заглавие Промишлено производство на мебели
Редно поле (дума) Кирил Ст. Деянов; съавт. Светослав Здр. Николов.
257 ## - Страна на издаване
Страна на създаване/издаване България
260 ## - Област на издателските данни
Име на издателя, разпространителя и проч. Техника
Година на издаване 1967
Място на издаване, разпространение и проч. София
300 ## - Физическа характеристика
Страници 211 с.
Илюстрации и др. с ил.
Размери/Мащаб 25 см
380 ## - Жанр
Жанр Техника
650 #4 - Допълнително описание по предмет – тема
Основно описание – тема или топоним Мебелна промишленост
9 (RLIN) 249309
653 ## - Ключова дума – ненормативна
Ключова дума мебели
653 ## - Ключова дума – ненормативна
Ключова дума мебелна промишленост
700 1# - Други автори (авторска отговорност)
Лично име Николов, Светослав Здр.
Автороска отговорност (Описва отношението между автора и произведението) съавт.
9 (RLIN) 343175
852 ## - Местоположение
Форматна сигнатура Цб 40172
856 4# - Електронен адрес и достъп
Електронен формат pdf - файл
856 4# - Електронен адрес и достъп
Електронен формат pdf - файл
999 ## - СИСТЕМНИ КОНТРОЛНИ НОМЕРА
Koha biblionumber 183335
Koha biblioitemnumber 183335
942 ## - АРТИКУЛИ
Вид на библиотечния материал Книги
Скрит в OPAC Не
Периодичен библиозапис Да
944 ## - СЪЗДАВАНЕ И РЕДАКЦИЯ на ЗАПИСА
Създаване/Редакция Създаване
Дата на регистрацията/редакция 11.10.2016
Служител, извършил регистрацията/редакцията Теодора_Стоянова
944 ## - СЪЗДАВАНЕ И РЕДАКЦИЯ на ЗАПИСА
Създаване/Редакция Редакция
Дата на регистрацията/редакция 11.10.2016
Служител, извършил регистрацията/редакцията Теодора_Стоянова
999 ## - СИСТЕМНИ КОНТРОЛНИ НОМЕРА
Koha biblioitemnumber 183335
Наличности
Код за отписване Код за изгубен артикул Източник на класификационната схема Код за повреда Коз за рестрикции Код за отдаване Артикулен № Име на библиотеката - собственик Име на библиотеката, в която се намира в момента Статус (Текущо местоположение) Дата на вписване в системата Местоположение - отдел Цена в лева Инвентарен номер Систематично азбучна сигнатура Баркод Номер на екземпляра Цена в евро Служебна бележка Служебен тип на артикула
  Не е изгубен Universal Decimal Classification Не е повреден без рестрикции ползва се в читалня 316089 Регионална библиотека "Любен Каравелов" Русе Регионална библиотека "Любен Каравелов" Русе Хранилище 1967-01-01 Хранилище 0.71 2717/67 Цб 40172 900000098947 1 0.36 Вид: Сф Дата: 01.01.1967 Книги
Изтеглен Не е изгубен Universal Decimal Classification Не е повреден без рестрикции заемане за дома 316090 Регионална библиотека "Любен Каравелов" Русе Регионална библиотека "Любен Каравелов" Русе Заемна - подръчен фонд 1967-01-01 Заемна - подръчен фонд 0.00 2923/67 П 684/Д 48 2923/67 2 0.00 Вид: Сф Дата: 01.01.1967 Книги
Vip Innovations Ltd, Rousse, Bulgaria 2025